Pharcology : (Record no. 178968)

MARC details
000 -LEADER
fixed length control field 00579nam a22001937a 4500
005 - DATE AND TIME OF LATEST TRANSACTION
control field 20210503120019.0
010 ## - LCCN (DPL NO)
LC control number ENG-129494
020 ## - INTERNATIONAL STANDARD BOOK NUMBER
Terms of availability 250.00
International Standard Book Number 978-93-87162-65-5
035 ## - SYSTEM CONTROL NUMBER
System control number EN-113026
037 ## - SOURCE OF ACQUISITION
Source of stock number/acquisition DBAD/PUB
082 ## - DEWEY DECIMAL CLASSIFICATION NUMBER
Classification number 615.1
100 ## - MAIN ENTRY--PERSONAL NAME
Personal name Ghosh, Amit Kumar
245 ## - TITLE STATEMENT
Title Pharcology :
Remainder of title Quest A Key to UG /
Statement of responsibility, etc Amit Kumar Ghosh
250 ## - EDITION STATEMENT
Edition statement 2nd
260 ## - PUBLICATION, DISTRIBUTION, ETC. (IMPRINT)
Place of publication, distribution, etc Kolkata
Name of publisher, distributor, etc Academic Publishers
Date of publication, distribution, etc 2020
270 ## - ADDRESS
Address 5A, Bhawani Dutta Lane
City Kolkata
Postal code 700073
Electronic mail address contact@academicpublishers.in
300 ## - PHYSICAL DESCRIPTION
Extent 208.p
Dimensions 24cm(pbk)
942 ## - ADDED ENTRY ELEMENTS (KOHA)
Source of classification or shelving scheme Dewey Decimal Classification
Item type English Books
Classification part 615.1
Call number suffix GHO
Holdings
Withdrawn status Lost status Not for loan Collection code Home library Current library Date acquired Source of acquisition Cost, normal purchase price Full call number Barcode Copy number Cost, replacement price Koha item type
      Non-fiction Shahdara Branch Shahdara Branch 03/05/2021 DBAD/PUB 250.00 615.1 GHO EN-113026 1 250.00 English Books

© Delhi Public Library
Hit Counter
free hit counter